000 00714nam a2200181 i 4500
001 163122
003 ES-MaACL
005 20230906212658.0
008 990316s1880 sp |||| | spa d
100 1 _aRecur, Carlos.
_9131651
245 1 3 _aEl tabaco filipino /
_cpor Carlos Recur.
260 _aMadrid :
_b[s.n.],
_c1880 (
_fImp. de Fortanet)
300 _a56 p. ;
_c23 cm.
530 _aDisponible también en sitio web.
650 _aTabaco-
_zFilipinas.
_9150125
852 _aES-MaACL
_jT-552-F-7
_z. - Enc. hol. conservando la original
_z. - Enc. en un vol. facticio
856 _uhttp://bibliotecadigitalhispanica.bne.es:80/webclient/DeliveryManager?pid=1854940&custom_att_2=simple_viewer
_zIr a la página
999 _c163122
_d163122